Sustainable agriculture and the environment in the humid tropics / (Registro nro. 17733)
[ vista simple ]
| 000 -CABECERA | |
|---|---|
| Campo de control | 01373pam a2200265 a 4500 |
| 005 - FECHA Y HORA DE LA ULTIMA TRANSACCION | |
| Campo de control | 20150901081110.0 |
| 008 - ELEMENTOS DE LONGITUD FIJA—INFORMACION GENERAL | |
| Campo de control | 920924s1993 dcuab b f001 0 eng |
| 020 ## - ISBN | |
| ISBN | 0309047498 |
| 040 ## - FUENTE DE CATALOGACIÓN | |
| Agencia catalogadora original | DLC |
| Agencia transcriptora | DLC |
| Agencia Modificadora | DLC |
| -- | CO-BoIAVH |
| 041 0# - IDIOMA | |
| Código de idioma para texto/pista de sonido o título separado | Inglés |
| 044 ## - PAÍS DE PUBLICACIÓN | |
| País de publicación | Estados Unidos |
| 082 04 - NUMERO DE CLASIFICACION DECIMAL DEWEY | |
| Número de clasificación | 333.76 |
| Número del ítem | N27s |
| 110 2# - ASIENTO PRINCIPAL--NOMBRE CORPORATIVO | |
| Nombre corporativo o de jurisdicción como elemento de entrada | National Research Council (U.S.). |
| Unidad subordinad | Committee on Sustainable Agriculture and the Environment in the Humid Tropics. |
| 9 (RLIN) | 37729 |
| 245 10 - MENCION DE TITULO | |
| Título | Sustainable agriculture and the environment in the humid tropics / |
| Mención de responsabilidad | Committee on Sustainable Agriculture and the Environment in the Humid Tropics, Board on Agriculture and Board on Science and Technology for International Development, National Research Council. |
| 260 ## - PUBLICACION, DISTRIBUCION, ETC. (PIE DE IMPRENTA) | |
| Lugar de publicación, distribución, etc. | Washington, D.C.: |
| Nombre del editor, distribuidor, etc. | National Academy Press, |
| Fecha de publicación, distribución, etc. | 1993. |
| 300 ## - DESCRIPCION FISICA | |
| Extensión | xv, 702 p. : |
| Otros detalles físicos | ilustraciones y mapas ; |
| Dimensiones | 24 cm. |
| 504 ## - NOTA DE BIBLIOGRAFIA, ETC. | |
| Nota de bibliografía | Incluye referencias bibliográficas e índice. |
| 505 ## - NOTA DE CONTENIDO | |
| Nota de contenido | Agricultura y medio ambiente en el trópico húmedo.<br/>Opciones de uso sostenible de la tierra.<br/>Imperativos tecnológicos para el cambio.<br/>Imperativos relacionados con las políticas de cambio. |
| 650 #0 - ASIENTO SECUNDARIO DE MATERIA - TERMINO TEMATICO | |
| Término temático o nombre geográfico como elemento de entrada | Sistemas agrícolas |
| Subdivisión geográfica | Trópicos. |
| 9 (RLIN) | 37730 |
| 650 #0 - ASIENTO SECUNDARIO DE MATERIA - TERMINO TEMATICO | |
| Término temático o nombre geográfico como elemento de entrada | Agricultura Sostenible |
| Subdivisión geográfica | Trópicos. |
| 9 (RLIN) | 37731 |
| 650 #0 - ASIENTO SECUNDARIO DE MATERIA - TERMINO TEMATICO | |
| Término temático o nombre geográfico como elemento de entrada | Uso de la tierra, rural |
| Subdivisión geográfica | Trópicos. |
| 9 (RLIN) | 37732 |
| 650 #0 - ASIENTO SECUNDARIO DE MATERIA - TERMINO TEMATICO | |
| Término temático o nombre geográfico como elemento de entrada | Ecología Agrícola |
| Subdivisión geográfica | Trópicos. |
| 9 (RLIN) | 37733 |
| 740 0# - ASIENTO SECUNDARIO - TITULOS RELACIONADOS /ANALITICOS NO CONTROLADOS | |
| Título relacionado o analítico no controlado | Humid tropics. |
| 942 ## - ELEMENTOS ADICIONALES (KOHA) | |
| Sistema de clasificación | Dewey Decimal Classification |
| Tipo de ítem | Libro |
| Withdrawn status | Lost status | Sistema de Clasificación | Damaged status | No para préstamo | Colección | Inventariado | Ubicación Permanente | Ubicación actual | Fecha de adquisición | Fuente de Valor | Valor | Total Checkouts | Número topográfico | Inventario / Código de Barras | Date last seen | Ejemplar | Price effective from | Forma de adquisición | Tipo de material |
|---|---|---|---|---|---|---|---|---|---|---|---|---|---|---|---|---|---|---|---|
| Dewey Decimal Classification | General | Inventariado 2017 | Bogotá | Bogotá | 01/09/2015 | Instituto | 39000.00 | LB-333.76 N27s | 038941 | 01/09/2015 | Ej. 1 | 01/09/2015 | Libro |